[Event "Olympiad Women 2024"]
[Site "Budapest HUN"]
[Date "2024.09.14"]
[Round "4.53"]
[Board "4"]
[White "Darweeche, Roaa"]
[Black "Kawuma Patricia"]
[Result "1/2-1/2"]
[WhiteElo "1557"]
[BlackElo "1839"]
[PlyCount "93"]
[EventDate "2024.09.11"]
[WhiteTeam "Lebanon"]
[BlackTeam "Uganda"]
[WhiteTeamCountry "LBN"]
[BlackTeamCountry "UGA"]

1. d4 d5 2. Nf3 Bf5 3. Bf4 Nf6 4. e3 e6 5. c4 Bb4+ 6. Nc3 O-O 7. a3 ({RR} 7. Qb3 c5 8. dxc5 Qa5 9. a3 Bxc3+ 10. Qxc3 Qxc3+ 11. bxc3 Nbd7 12. c6 bxc6 13. Nd4 e5 14. Nxc6 Rfe8 15. Bg3 dxc4 16. f3 Bd3 17. Na5 Rec8 18. Bxd3 cxd3 19. Kd2 e4 20. Rab1 Nb6 21. Rb5 Nfd7 {1-0 Nakamura,H (2760)-Xiong,J (2688) Chess.com Rapid Wk18 Swiss 2022 (4)}) 7... Bxc3+ 8. bxc3 Nbd7 ({RR} 8... Ne4 9. Qb3 b6 10. Be2 Nc6 11. cxd5 exd5 12. O-O Na5 13. Qb4 Rc8 14. Rfc1 c5 15. dxc5 Nxc5 16. Nd4 Bd3 17. Bg4 f5 18. Bf3 Nc4 19. Rd1 a5 20. Qb5 Nxa3 21. Qb2 Nc4 22. Qa2 Be4 23. Be2 {0-1 Sailer,M (2095)-Ismayil,M (2157) Titled Tue 9th Jul Late 2024 (3)}) 9. h3 c6 $146 ({RR} 9... c5 10. Bh2 Rc8 11. cxd5 exd5 12. Bd3 Bxd3 13. Qxd3 Ne4 14. O-O Re8 15. Ne5 Nxe5 16. Bxe5 Qa5 17. Rfc1 cxd4 18. cxd4 f6 19. Bh2 Rc6 20. Rxc6 bxc6 21. Rc1 Rc8 22. f3 Ng5 23. Qc3 Qb6 24. Bd6 {0-1 Gvatua,M (1159)-Velea,S Wch U08 Girls 2016 (11)}) 10. cxd5 cxd5 11. Bd3 Qa5 12. Qd2 Bxd3 13. Qxd3 Ne4 14. O-O Qxc3 15. Qb5 Qc6 16. Qxc6 bxc6 17. Rab1 Nb6 18. Rfc1 Rfc8 19. Ne5 c5 20. dxc5 Nxc5 21. Rb5 Nca4 22. Rxc8+ Rxc8 23. Ra5 f6 24. Nd7 Nc3 25. Rxa7 Nxd7 26. Rxd7 Ne2+ 27. Kf1 Nxf4 28. exf4 Ra8 29. Re7 Ra6 30. Ke2 Kf8 31. Rd7 Rxa3 32. g3 h6 33. h4 f5 34. Kd2 h5 35. Ke2 g6 36. Kd2 Ra8 37. Kd3 Re8 38. Kd4 Re7 39. Rd6 Ke8 40. Ke5 Kf7 41. Rd8 Re8 42. Rd7+ Re7 43. Rd8 d4 44. Kxd4 Kf6 45. Rf8+ Kg7 46. Rd8 Kf6 47. Rf8+ 1/2-1/2

[Event "Olympiad Women 2024"]
[Site "Budapest HUN"]
[Date "2024.09.14"]
[Round "4.54"]
[Board "1"]
[White "Lieketseng, Ngatane"]
[Black "Henderson de La Fuente, Andrea"]
[Result "0-1"]
[WhiteElo "1651"]
[BlackElo "1986"]
[PlyCount "76"]
[EventDate "2024.09.11"]
[WhiteTeam "Lesotho"]
[BlackTeam "Andorra"]
[WhiteTeamCountry "LES"]
[BlackTeamCountry "AND"]

1. e4 d6 2. d4 Nf6 3. Bd3 e5 4. dxe5 dxe5 5. Nf3 Nbd7 6. O-O Bc5 ({RR} 6... Be7 7. Nbd2 c6 8. c3 O-O 9. Bc2 Qc7 10. Qe2 a5 11. Rd1 a4 12. Nf1 Nc5 13. Ng3 Re8 14. h3 b5 15. Be3 Be6 16. Nf5 Bf8 17. Ng5 Bxf5 18. exf5 h6 19. Bxc5 Bxc5 20. Ne4 Be7 21. Nxf6+ {½-½ Bogdanovich,S (2590)-Dominguez Perez,L (2732) Wch Blitz 9th 2015 (20)}) 7. Bg5 ({RR} 7. h3 O-O 8. Qe2 c6 9. Be3 Qc7 10. Nbd2 Re8 11. Bc4 Bxe3 12. Qxe3 Nf8 13. Ng5 Re7 14. Rad1 b5 15. Bb3 h6 16. Ngf3 Ng6 17. c4 Be6 18. Rc1 b4 19. c5 Bxb3 20. Qxb3 Nf4 21. Rcd1 a5 {0-1 Raba,B (1817)-Wisniewski,A (2351) 100th Ann. Silesian Chess 2024 (11.25)}) 7... O-O 8. Nc3 c6 9. Ne2 $146 ({RR} 9. Qe2 Re8 10. Rad1 Qe7 11. Nh4 g6 12. Qf3 Kg7 13. Ne2 h6 14. Ng3 Nf8 15. Bxf6+ Qxf6 16. Qxf6+ Kxf6 17. h3 Ne6 18. c3 Ng5 19. Kh2 Be6 20. b3 a5 21. Be2 a4 22. b4 Bb6 23. a3 Bb3 {½-½ Diaz,R (1902)-Benitez,R (1646) Asuncion Clasificatorio op 4th 2018 (4)}) 9... h6 10. Bh4 Qc7 11. c3 a5 12. h3 Be7 13. Qc2 Nc5 14. Bg3 Bd6 15. Nd2 Be6 16. Bc4 Bxc4 17. Nxc4 Ncxe4 18. Rad1 Nxg3 19. Nxg3 Bc5 20. Qf5 Rfe8 21. Rfe1 Re6 22. Nxe5 Ba7 23. Nd3 Rxe1+ 24. Rxe1 Qxg3 25. Re7 Rd8 26. Ne1 Re8 27. Kf1 Qd6 28. Rxe8+ Nxe8 29. Nd3 Nf6 30. Ke2 Qe6+ 31. Qxe6 fxe6 32. Kf3 Kf7 33. Kf4 c5 34. g4 g5+ 35. Kf3 Nd7 36. Ke4 c4 37. Ne1 Bxf2 38. Nc2 Bc5 0-1

[Event "Olympiad Women 2024"]
[Site "Budapest HUN"]
[Date "2024.09.14"]
[Round "4.54"]
[Board "2"]
[White "Muratet Carmona, Julia"]
[Black "Ntsielo, Bonolo"]
[Result "1-0"]
[WhiteElo "1816"]
[BlackElo "1757"]
[PlyCount "135"]
[EventDate "2024.09.11"]
[WhiteTeam "Andorra"]
[BlackTeam "Lesotho"]
[WhiteTeamCountry "AND"]
[BlackTeamCountry "LES"]

1. c4 Nf6 2. Nc3 d6 3. g3 g6 4. Bg2 Bg7 5. e4 O-O 6. Nge2 Re8 7. d3 Nbd7 8. O-O c6 9. h3 e5 10. Be3 $146 ({RR} 10. Bg5 a6 11. Qd2 b5 12. Rad1 Bb7 13. f4 h6 14. Bh4 Rb8 15. Rf2 Qb6 16. Rdf1 exf4 17. gxf4 bxc4 18. dxc4 Nc5 19. Ng3 Rbd8 20. b4 Ne6 21. f5 Nf8 22. fxg6 Nxg6 23. Nf5 Nxh4 24. Nxg7 Kxg7 {½-½ Andersen,J (2276)-Ganguly,S (2655) Politiken Cup 32nd 2010 (3)}) 10... Nf8 11. Qd2 Be6 12. f4 Qd7 13. Kh2 Rad8 14. Bxa7 c5 15. Bb6 Rc8 16. Nd5 Bxd5 17. cxd5 exf4 18. Nxf4 Qa4 19. Ba5 N6d7 20. Bc3 Ne5 21. b3 Qb5 22. d4 Ned7 23. dxc5 Bxc3 24. Qxc3 Rxc5 25. Qe3 Ne5 26. Rac1 Nfd7 27. Ne2 Qa6 28. a4 Rxd5 29. Rcd1 Rxd1 30. Rxd1 Nc5 31. Nd4 Qb6 32. Nb5 Re6 33. Ra1 Nxa4 34. Qxb6 Nxb6 35. Ra7 Nbd7 36. Rxb7 Nc5 37. Rb8+ Kg7 38. Nc7 Re7 39. Ne8+ Kh6 40. Nxd6 Rd7 41. Nc4 Nxc4 42. bxc4 Rd4 43. Rb4 Nxe4 44. Bxe4 Rxe4 45. Kg2 f5 46. Kf3 Rd4 47. Ke3 Re4+ 48. Kd3 Kg5 49. Rb1 h5 50. c5 Re7 51. Rc1 h4 52. gxh4+ Kxh4 53. c6 Rc7 54. Ke3 g5 55. Kf3 Kh5 56. Rc4 Kg6 57. Ke3 Kf6 58. Kd4 g4 59. h4 g3 60. Ke3 g2 61. Kf2 Ke6 62. Kxg2 Kd5 63. Rc1 Rxc6 64. Rxc6 Kxc6 65. h5 Kd6 66. h6 Ke7 67. h7 Kf7 68. h8=Q 1-0

[Event "Olympiad Women 2024"]
[Site "Budapest HUN"]
[Date "2024.09.14"]
[Round "4.54"]
[Board "3"]
[White "lintle molise"]
[Black "Muratet Carmona, Alexandra"]
[Result "1/2-1/2"]
[WhiteElo "1583"]
[BlackElo "1796"]
[PlyCount "106"]
[EventDate "2024.09.11"]
[WhiteTeam "Lesotho"]
[BlackTeam "Andorra"]
[WhiteTeamCountry "LES"]
[BlackTeamCountry "AND"]

1. Nf3 c5 2. e3 d5 3. d4 cxd4 4. exd4 Nc6 5. Bd3 Nf6 6. O-O Bg4 ({RR} 6... g6 7. Re1 Bg7 8. c3 O-O 9. Na3 Bg4 {½-½ Popovic,D (2531)-Sedlak,N (2537) SRB-chT Kragujevac 2016 (10.8)}) 7. Be2 e6 8. b3 $146 ({RR} 8. h3 Bh5 9. Re1 Bd6 10. Bg5 O-O 11. Ne5 Bxe2 12. Rxe2 Be7 13. c3 Rc8 14. Nd2 h6 15. Bxf6 Bxf6 16. Ndf3 Qd6 17. Qd3 Bd8 18. Rd1 Bc7 19. Rde1 Ne7 20. Qb5 a6 21. Qd7 Rfd8 22. Qxd6 Rxd6 {½-½ Pilipaviciute,A (1572)-Meskenaite,R (1523) LTU-ch U16 Girls 2015 (5)}) ({RR} 8. Nc3 Be7 9. Qd3 O-O 10. Ne5 Bf5 11. Qd1 Rc8 12. Nxc6 Rxc6 13. Bd3 Bxd3 14. Qxd3 a6 15. Bf4 Qc8 16. Bd2 Qc7 17. Qg3 Bd6 18. Qh3 b5 19. a3 Rc8 20. Rfe1 Qb6 21. Qh4 Rc4 22. Be3 a5 {0-1 Boner,T-Erne,R (2108) 57th Biel Rapid Open 2024 (1.34)}) ({RR} 8. Nbd2 Bd6 9. b3 O-O 10. Bb2 Rc8 11. h3 Bxf3 12. Nxf3 Qa5 13. a3 b5 14. Ne5 Bxe5 15. dxe5 Ne4 16. Qd3 a6 17. a4 Nb4 18. Qd1 Nxc2 19. Rc1 Nb4 20. f3 Ng3 21. Re1 Qb6+ 22. Kh2 Nf5 {0-1 Benson,O (1775)-Hotak,M (1990) Dublin Gonzaga op 2008 (4)}) 8... Qc7 9. Bb2 Rc8 10. Nbd2 Be7 11. a3 O-O 12. Rc1 Qb8 13. Ne5 Bf5 14. f4 Nxe5 15. fxe5 Ne4 16. Nxe4 Bxe4 17. Bd3 Bg5 18. Rb1 Qc7 19. Bxe4 dxe4 20. c4 Rcd8 21. Qe2 Qc6 22. Rbe1 e3 23. g3 Qe4 24. b4 f5 25. exf6 Bxf6 26. Qxe3 Qxe3+ 27. Rxe3 Bxd4 28. Rxf8+ Kxf8 29. Bxd4 Rxd4 30. Rxe6 Rxc4 31. Re3 Kf7 32. Kg2 Kf6 33. h3 g5 34. g4 a6 35. Kg3 h6 36. Kg2 b6 37. Kg3 Rd4 38. h4 Rd5 39. h5 Re5 40. Rf3+ Ke7 41. Rc3 Kd7 42. Kf3 Re6 43. Kg3 Kd6 44. Kf3 Kd5 45. Rc1 Kd4 46. a4 Kd5 47. Rc8 Kd4 48. b5 Rf6+ 49. Kg3 axb5 50. axb5 Kd5 51. Rc1 Re6 52. Kf3 Rf6+ 53. Kg3 Re6 1/2-1/2

[Event "Olympiad Women 2024"]
[Site "Budapest HUN"]
[Date "2024.09.14"]
[Round "4.54"]
[Board "4"]
[White "Real Puigdollers, Silvia"]
[Black "Thetsane, Nteboheleng"]
[Result "1-0"]
[WhiteElo "1781"]
[BlackElo "1645"]
[PlyCount "97"]
[EventDate "2024.09.11"]
[WhiteTeam "Andorra"]
[BlackTeam "Lesotho"]
[WhiteTeamCountry "AND"]
[BlackTeamCountry "LES"]

1. Nf3 d5 2. g3 Nf6 3. Bg2 Bg4 4. O-O Nbd7 5. d3 h6 ({RR} 5... e6 6. h3 Bxf3 7. Bxf3 Be7 8. e4 O-O 9. Bg2 dxe4 10. dxe4 e5 11. Qe2 c6 12. a4 Qc7 13. Nd2 Rfd8 14. h4 Nc5 15. Nc4 Ne6 16. c3 Nd7 17. b4 Nb6 18. Bh3 Nxc4 19. Qxc4 Rd6 20. a5 {1-0 Caruana,F (2811)-Checa,N (2486) PRO League Stage rapid 2018 (8)}) ({RR} 5... e6 6. Nbd2 Be7 7. h3 Bh5 8. b3 O-O 9. Bb2 a5 10. a4 h6 11. Re1 c6 12. e4 Bg6 13. Qe2 Qc7 14. Rad1 Rfd8 15. Nh2 Qb6 16. Kh1 Bc5 17. Rf1 Bh7 18. f4 Bd4 19. Ba3 Bc5 20. Bc1 {1-0 Divya,D (2322)-Advait,B (2105) Gibraltar Masters 18th 2020 (7)}) 6. Nbd2 Bxf3 $146 ({RR} 6... e5 7. e4 d4 8. a4 Bd6 9. Nc4 O-O 10. h3 Bh5 11. Qe1 Qe7 12. Nh2 Nb6 13. Nd2 a5 14. f4 Bg6 15. f5 Bh7 16. g4 c5 17. h4 Kh8 18. Qg3 Qc7 19. b3 Rae8 20. Bf3 Nfd5 21. Rf2 {0-1 Sousa,R-Felicio,F (1949) Barreiro U18 2nd 2003 (9)}) 7. Nxf3 e6 8. c3 Be7 9. Qc2 O-O 10. e4 dxe4 11. dxe4 c6 12. h3 Qc7 13. Be3 Nc5 14. Ne1 Rfd8 15. b4 Ncd7 16. Qe2 Qe5 17. Bd4 Qc7 18. a3 Ne5 19. f4 Ng6 20. Nd3 b6 21. Rad1 Rac8 22. e5 Nd5 23. c4 Nxb4 24. Nxb4 Rxd4 25. Rxd4 Bc5 26. Kh2 Bxd4 27. Nxc6 Bc5 28. Qf3 Ne7 29. Nxe7+ Qxe7 30. Ra1 Bd4 31. Rd1 Bc5 32. a4 Bb4 33. Qd3 a5 34. h4 Qe8 35. Qe4 Qxa4 36. Rf1 Qd7 37. f5 exf5 38. Rxf5 Rxc4 39. Qa8+ Rc8 40. Qe4 Bc3 41. Rf3 Qe7 42. Bh3 Rc5 43. e6 f6 44. Qa8+ Qf8 45. Qb7 Bb4 46. Bf5 Re5 47. Qxb6 Qa8 48. Rd3 Be7 49. Bg6 1-0

[Event "Olympiad Women 2024"]
[Site "Budapest HUN"]
[Date "2024.09.14"]
[Round "4.55"]
[Board "1"]
[White "Marape, Naledi"]
[Black "Benson, Maud"]
[Result "1-0"]
[WhiteElo "1926"]
[BlackElo "1682"]
[PlyCount "37"]
[EventDate "2024.09.11"]
[WhiteTeam "Botswana"]
[BlackTeam "Ghana"]
[WhiteTeamCountry "BOT"]
[BlackTeamCountry "GHA"]

1. e4 d6 2. d4 Nf6 3. Nc3 g6 4. Be3 Bg7 5. f3 c6 6. Qd2 b5 7. Bh6 Bxh6 8. Qxh6 Nbd7 9. O-O-O b4 10. Nce2 a5 $146 ({RR} 10... Qc7 11. Nh3 Nf8 12. g4 Ne6 13. Nhf4 Qa5 14. Kb1 Nd7 15. g5 Ng7 16. Qxg7 Rf8 17. h4 e5 {0-1 Sveshnikov,V-Timofeev,A EU-ch U12 Tallinn 1997 (9)}) ({RR} 10... Qa5 11. Kb1 Nb6 12. Nc1 Be6 13. Nb3 Qh5 14. Qxh5 Nxh5 15. Ba6 Rb8 16. Ne2 Bc4 17. Bxc4 Nxc4 18. h4 f5 19. e5 O-O 20. f4 Rbd8 21. Rd3 dxe5 22. dxe5 Rxd3 23. cxd3 Ne3 24. g3 Rd8 25. Nc5 {0-1 Kovalev,V (2620)-Andreikin,D (2729) Titled Tue 6th Jun Late 2023 (11)}) ({RR} 10... e5 11. g4 Ba6 12. h4 Qe7 13. h5 O-O-O 14. Qd2 d5 15. exd5 Nxd5 16. hxg6 fxg6 17. Nf4 Nb8 {½-½ Murariu,A (2516)-Itkis,B (2447) ROM-ch Predeal 2006 (5)}) 11. e5 Nd5 12. exd6 e6 13. Ng3 N7b6 14. Ne4 Ba6 15. Bxa6 Rxa6 16. Nh3 Nf6 17. Qg7 Kd7 18. Nc5+ Kxd6 19. Nb7+ 1-0

[Event "Olympiad Women 2024"]
[Site "Budapest HUN"]
[Date "2024.09.14"]
[Round "4.55"]
[Board "2"]
[White "Felix, Tobi"]
[Black "Gabatshwarwe Refilwe"]
[Result "1/2-1/2"]
[WhiteElo "1677"]
[BlackElo "1787"]
[PlyCount "71"]
[EventDate "2024.09.11"]
[WhiteTeam "Ghana"]
[BlackTeam "Botswana"]
[WhiteTeamCountry "GHA"]
[BlackTeamCountry "BOT"]

1. d4 d5 2. Bf4 c5 3. c3 Nc6 4. e3 Qb6 5. Qb3 c4 6. Qc2 e5 7. dxe5 Bf5 8. Qc1 g5 9. Bg3 h5 10. h3 Bg7 11. Nf3 g4 12. Nd4 ({RR} 12. hxg4 hxg4 13. Rxh8 Bxh8 14. Nd4 Nge7 15. Nd2 Bxe5 16. Bxe5 Nxe5 17. Nxf5 Nxf5 18. Qc2 Nd6 19. O-O-O O-O-O 20. Kb1 f5 21. g3 Rh8 22. Bg2 Qc5 23. Rh1 Rxh1+ 24. Bxh1 Nd3 25. Nb3 Qb6 26. Bxd5 Ne1 {1-0 Niemann,H (2592)-Bluebaum,M (2681) Lindores Abbey Blitz Tal Memorial 2021 (10.11)}) ({RR} 12. hxg4 hxg4 13. Rxh8 Bxh8 14. Nd4 Nge7 15. b3 Bxe5 16. Bh4 cxb3 17. axb3 Rc8 18. Qa3 a6 19. Nd2 Bh7 20. Be2 g3 21. Bg4 gxf2+ 22. Kxf2 Rc7 23. N2f3 Nxd4 24. cxd4 Bf6 25. Bxf6 Qxf6 26. Rc1 Rxc1 {½-½ Eriksson,J (2154)-Honey,L (1939) Reykjavik Open 2024 (2.132)}) 12... Bxb1 $146 ({RR} 12... Nge7 13. hxg4 hxg4 14. Rxh8+ Bxh8 15. Be2 Bxe5 16. Bxe5 Nxe5 17. Nxf5 Nxf5 18. Nd2 g3 19. Nf1 gxf2+ 20. Kxf2 O-O-O 21. Qd2 Qh6 22. Rd1 Qh4+ 23. Kg1 Qe4 24. Kf2 Nh4 {0-1 Bommini,M (2050)-Sharankov,G (2225) Suwalki Warakomska Memorial op 3rd 2019 (4)}) ({RR} 12... Nge7 13. Nd2 Nxe5 14. e4 Bg6 15. Bxe5 Bxe5 16. exd5 Bxd4 17. cxd4 O-O 18. Bxc4 Rfe8 19. hxg4 Nf5+ 20. Kf1 hxg4 21. Qc3 Qf6 22. Kg1 Rac8 23. a4 Nxd4 24. Kf1 Re2 25. Bxe2 Rxc3 26. bxc3 Nc2 27. Rc1 {0-1 Light,B (2177)-Kuberczyk,C (2225) Lueneburg IM 2018 (1)}) 13. Nxc6 Bg6 14. Nd4 Ne7 15. hxg4 hxg4 16. Rxh8+ Bxh8 17. Be2 Nf5 18. Nxf5 Bxf5 19. Qd2 O-O-O 20. O-O-O f6 21. Bh4 Rd7 22. exf6 Bxf6 23. Bxf6 Qxf6 24. Qd4 Qe6 25. Rh1 b6 26. Qf4 Kb7 27. Rh6 Qf7 28. Bxg4 Bxg4 29. Qxg4 Ka6 30. Qg3 Qf5 31. Rh4 Qd3 32. Rd4 Qh7 33. Qf3 Qg8 34. e4 Rf7 35. Qe3 Qxg2 36. exd5 1/2-1/2

[Event "Olympiad Women 2024"]
[Site "Budapest HUN"]
[Date "2024.09.14"]
[Round "4.55"]
[Board "3"]
[White "Banda Natalie Katlo"]
[Black "Dotse Dzidzor Esi"]
[Result "1/2-1/2"]
[WhiteElo "1893"]
[BlackElo "1530"]
[PlyCount "60"]
[EventDate "2024.09.11"]
[WhiteTeam "Botswana"]
[BlackTeam "Ghana"]
[WhiteTeamCountry "BOT"]
[BlackTeamCountry "GHA"]

1. d4 d5 2. Nf3 Nf6 3. e3 Bg4 4. h3 Bxf3 5. Qxf3 e6 6. c3 ({RR} 6. Bd3 c5 7. dxc5 Nc6 8. Qg3 Qb8 9. f4 g6 10. a3 a5 11. b3 Bg7 12. Ra2 Nd7 13. O-O Nxc5 14. Bb2 Bxb2 15. Rxb2 O-O 16. Nd2 e5 17. b4 axb4 18. axb4 exf4 19. exf4 Nxd3 20. Qxd3 Re8 {1-0 Bluebaum,M (2670)-Postny,E (2605) Titled Tuesday intern op 23rd Feb blitz 2021 (5)}) ({RR} 6. a3 Nbd7 7. Nc3 c6 8. Bd3 Bd6 9. O-O e5 10. dxe5 Nxe5 11. Qd1 Nxd3 12. cxd3 O-O 13. Bd2 Re8 14. Rc1 h6 15. Qc2 Qe7 16. f4 d4 17. exd4 Qd7 18. Ne4 Be7 19. Be3 Nd5 20. Bd2 Nf6 {0-1 Khatoev,E (2409)-Suder,J (2312) Titled Tue 9th Jan Late 2024 (4)}) 6... Be7 7. Nd2 O-O $146 ({RR} 7... Nbd7 8. e4 dxe4 9. Nxe4 c6 10. Bf4 Nxe4 11. Qxe4 Bg5 12. Bg3 O-O 13. Bd3 Nf6 14. Qe2 Nd5 15. O-O Nf4 16. Bxf4 Bxf4 17. Bxh7+ Kh8 18. Bc2 g6 19. Qg4 Qg5 20. Qxg5 Bxg5 21. f4 Bh4 22. Rf3 {½-½ Sandercock,E (1648)-Crouch,T (1472) Beacon Seniors op 2008 (5)}) 8. Bd3 c5 9. g4 Nfd7 10. c4 Nc6 11. cxd5 Nb4 12. Bb1 Nxd5 13. e4 Nb4 14. e5 cxd4 15. Qe4 g6 16. Nb3 Nc6 17. f4 Qb6 18. h4 f5 19. exf6 Nxf6 20. Qxe6+ Rf7 21. g5 Bb4+ 22. Kd1 Re8 23. Qh3 Nh5 24. f5 Rfe7 25. Qf3 Re1+ 26. Rxe1 Rxe1+ 27. Kc2 d3+ 28. Qxd3 Qf2+ 29. Bd2 Bxd2 30. Qc4+ Kf8 1/2-1/2

[Event "Olympiad Women 2024"]
[Site "Budapest HUN"]
[Date "2024.09.14"]
[Round "4.55"]
[Board "4"]
[White "Hephzibah Awura-Ama Manubea Tandoh"]
[Black "Rebatenne, Boitshepo"]
[Result "0-1"]
[WhiteElo "1516"]
[BlackElo "1696"]
[PlyCount "54"]
[EventDate "2024.09.11"]
[WhiteTeam "Ghana"]
[BlackTeam "Botswana"]
[WhiteTeamCountry "GHA"]
[BlackTeamCountry "BOT"]

1. d4 d5 2. e3 Nf6 3. Nf3 c6 4. Be2 Bf5 5. O-O Nbd7 6. b3 e6 7. Bb2 ({RR} 7. c4 Bd6 8. Ba3 Bxa3 9. Nxa3 Qe7 10. Qc1 O-O 11. Qb2 a5 12. Rac1 Ne4 13. Ne1 Bg6 14. Nd3 Nef6 15. Nf4 Rfd8 16. Rfd1 Bf5 17. Bd3 Bg4 18. f3 Bh5 19. Nc2 Bg6 20. Bxg6 hxg6 21. Nd3 b6 {0-1 Molina,R (2373)-Le Tuan Minh (2567) Titled Tue 9th Apr Early 2024 (8)}) 7... Bd6 ({RR} 7... Qb8 8. Ne5 Bd6 9. f4 Ne4 10. Bd3 f6 11. g4 fxe5 12. gxf5 exf4 13. Bxe4 dxe4 14. Qh5+ Kd8 15. exf4 exf5 16. Qxf5 Rf8 17. Qxe4 Bxf4 18. Kh1 Qd6 19. Nc3 Kc7 20. Qg2 Rae8 21. d5 Qh6 22. dxc6 {0-1 Savchenko,V (2427)-Hector,J (2550) BL2-West 0708 2007 (1.1)}) 8. Nbd2 Qc7 9. g3 $146 ({RR} 9. c4 b6 10. Rc1 Qb7 11. Ne5 O-O 12. cxd5 cxd5 13. Bb5 Rad8 14. Qe2 Bxe5 15. dxe5 Ne4 16. Nxe4 Bxe4 17. Ba3 Rfe8 18. Bd6 Rc8 19. Ba6 Qa8 20. Bxc8 Rxc8 21. f3 Bg6 22. b4 a6 23. a4 f6 {1-0 Pham T Hai,Y-Nguyen,M Phu Dong festival U18 Girls 6th 2004 (6)}) 9... Ne4 10. Nxe4 dxe4 11. Nd2 Nf6 12. c4 c5 13. d5 Be5 14. Bxe5 Qxe5 15. dxe6 Qxe6 16. Qc2 h5 17. Rfd1 h4 18. Bf1 hxg3 19. fxg3 Ng4 20. Qc3 Nxh2 21. Qxg7 O-O-O 22. Qc3 Rdg8 23. Bg2 Rh5 24. Qa5 Qe5 25. Qxa7 Qxg3 26. Qa8+ Kc7 27. Qa5+ Kb8 0-1

[Event "Olympiad Women 2024"]
[Site "Budapest HUN"]
[Date "2024.09.14"]
[Round "4.56"]
[Board "1"]
[White "Ollet, Myra"]
[Black "Johnson, Gabriella"]
[Result "1-0"]
[WhiteElo "1658"]
[BlackElo "1896"]
[PlyCount "125"]
[EventDate "2024.09.11"]
[WhiteTeam "Guam"]
[BlackTeam "Trinidad & Tobago"]
[WhiteTeamCountry "GMA"]

1. d4 d5 2. Nf3 Nf6 3. Bf4 c5 4. c3 Nc6 5. e3 Qb6 6. Qb3 c4 7. Qc2 Bf5 8. Qc1 e6 9. Be2 h6 10. h3 Be7 11. Nbd2 Qa6 ({RR} 11... O-O 12. O-O Rfc8 13. Bd1 Qd8 14. Bc2 b5 15. Re1 b4 16. e4 dxe4 17. Nxe4 Nxe4 18. Bxe4 Bxe4 19. Rxe4 Qd5 20. Qe3 bxc3 21. bxc3 Bf6 22. Re1 Ne7 23. Be5 Bxe5 24. Nxe5 Rab8 25. Qf4 Rf8 26. R4e2 {½-½ Radjabov,T (2724)-Ragger,M (2632) Wch Blitz 8th 2014 (4)}) ({RR} 11... O-O 12. O-O Qd8 13. b3 b5 14. Ne5 Nxe5 15. Bxe5 Nd7 16. Bg3 a6 17. b4 a5 18. a3 axb4 19. axb4 Qb6 20. Qb2 Qb7 21. Rxa8 Rxa8 22. Ra1 Nb6 23. Nf3 Ra6 24. Ne5 Qa8 25. Rxa6 Qxa6 26. Bd1 {0-1 Simonsen,J (2113)-Hove,E (2297) ch-DEN Blitz 2024 (3.10)}) 12. a4 $146 ({RR} 12. Ne5 b5 13. b4 Nxe5 14. Bxe5 O-O 15. a4 Nd7 16. axb5 Qxb5 17. Bg3 a5 18. bxa5 Rxa5 19. Rxa5 Qxa5 20. e4 Bh7 21. O-O Nf6 22. exd5 exd5 23. Re1 Ba3 24. Qa1 Ra8 25. Bf3 Bd3 26. Be5 Nd7 {0-1 Chaluja,J (1864)-Aguero Arce,M (2079) Pan American-ch U16 27th 2016 (6)}) 12... Qb6 13. O-O O-O 14. Re1 Na5 15. Bd1 Bd6 16. Ne5 Qc7 17. f3 Nd7 18. Nxd7 Qxd7 19. Bxd6 Qxd6 20. e4 Bg6 21. Nf1 Rab8 22. e5 Qc7 23. Bc2 b5 24. Ne3 Bxc2 25. Qxc2 b4 26. f4 bxc3 27. bxc3 Rb3 28. f5 Rfb8 29. Nd1 Nc6 30. Rf1 exf5 31. Qxf5 Qe7 32. Rc1 Ra3 33. Nf2 Qe6 34. Qh5 Rbb3 35. Ng4 Qg6 36. Qxg6 fxg6 37. e6 Rb7 38. Ne3 Re7 39. Nxd5 Rxe6 40. Rb1 Rd6 41. Nc7 Rxa4 42. Rbe1 Ra5 43. Re8+ Kh7 44. h4 Rf5 45. Rfe1 Rdf6 46. Rc8 g5 47. Ne8 gxh4 48. Nxf6+ Rxf6 49. Rc7 a6 50. d5 Na5 51. Re6 Rxe6 52. dxe6 Kg6 53. e7 Kf7 54. Rc5 Nb3 55. Rxc4 Kxe7 56. Rxh4 a5 57. Ra4 Ke6 58. Ra3 Nc1 59. c4 Ne2+ 60. Kf2 Nd4 61. Rxa5 Kd6 62. Rd5+ Kc6 63. Rxd4 1-0

[Event "Olympiad Women 2024"]
[Site "Budapest HUN"]
[Date "2024.09.14"]
[Round "4.56"]
[Board "2"]
[White "Hermoso Rodriguez, Ysvett"]
[Black "Ramas, Carmina Jasmine"]
[Result "1-0"]
[WhiteElo "1943"]
[BlackElo "1712"]
[PlyCount "123"]
[EventDate "2024.09.11"]
[WhiteTeam "Trinidad & Tobago"]
[BlackTeam "Guam"]
[BlackTeamCountry "GMA"]

1. e4 d6 2. d4 Nf6 3. Nc3 c6 4. f3 Qc7 5. Be3 e5 ({RR} 5... g6 6. Qd2 h5 7. O-O-O Bg7 8. Kb1 Nbd7 9. Nh3 b5 10. Bd3 b4 11. Ne2 c5 12. dxc5 dxc5 13. Bb5 O-O 14. Bh6 Ne5 15. Bxg7 Kxg7 16. Nef4 Rb8 17. Be2 c4 18. Qe3 c3 19. b3 Qa5 20. Nf2 {1-0 Chigaev,M (2588)-Fedoseev,V (2678) PNWCC-ch Online blitz 2020 (9)}) ({RR} 5... a5 6. d5 a4 7. a3 g6 8. Qd2 Bg7 9. O-O-O h5 10. h4 Nbd7 11. Be2 Ne5 12. Nh3 Bd7 13. Nf2 cxd5 14. Nxd5 Nxd5 15. exd5 Nc4 16. Bxc4 Qxc4 17. Kb1 Bf5 18. Bd4 Bxd4 19. Qxd4 Bxc2+ 20. Ka1 {0-1 Moldovan,L (1884)-Gama,E (2109) Queima das Fitas Open 2024 (3.9)}) 6. Nge2 Nbd7 7. Qd2 b6 $146 ({RR} 7... b5 8. Ng3 Nb6 9. Be2 Be7 10. O-O O-O 11. b3 Be6 12. a4 b4 13. Nd1 c5 14. d5 Bc8 15. Nb2 a5 16. Nc4 Nxc4 17. Bxc4 Ne8 18. f4 exf4 19. Bxf4 Bf6 20. Rab1 Bd4+ 21. Be3 Be5 22. Bf4 {½-½ De Borba,G (1861)-Both,V (1942) Joinville op U220 2017 (5)}) ({RR} 7... Be7 8. O-O-O O-O 9. Ng3 Re8 10. Kb1 b5 11. Nf5 Bf8 12. dxe5 dxe5 13. g4 Rd8 14. Qf2 Nb6 15. Bd3 {½-½ Corbin,P-Lintner,E Luxembourg-chT 1993 (7)}) 8. g4 Bb7 9. O-O-O exd4 10. Nxd4 O-O-O 11. Be2 g6 12. h4 h5 13. Ndb5 Qb8 14. Nxd6+ Bxd6 15. Qxd6 Qxd6 16. Rxd6 Ne8 17. Rd2 hxg4 18. fxg4 f6 19. h5 Ne5 20. Rhd1 Rxd2 21. Rxd2 g5 22. Bd4 Kc7 23. Rd1 Bc8 24. Bxe5+ fxe5 25. Rf1 Be6 26. b3 Rh6 27. Kd2 Nf6 28. Rg1 Kd6 29. Ke3 b5 30. a3 Kc5 31. Nb1 Nd7 32. Nd2 a5 33. Nf3 Rf6 34. Nxg5 Bg8 35. Nh3 Nf8 36. Rf1 Rxf1 37. Bxf1 Kd6 38. g5 Ke7 39. Be2 Kf7 40. Bg4 Kg7 41. Kf3 Be6 42. Bf5 c5 43. Nf2 c4 44. bxc4 Bxc4 45. c3 Ne6 46. Bxe6 Bxe6 47. Ng4 Bb3 48. Nf6 Bd1+ 49. Kg3 Be2 50. Kh4 Bf3 51. Ng4 Bxe4 52. Nxe5 Bc2 53. Kg3 a4 54. Kf4 Bd1 55. h6+ Kh7 56. Kf5 Bc2+ 57. Kf6 Bd1 58. Ng6 Bc2 59. Nf8+ Kg8 60. h7+ Bxh7 61. Nxh7 Kxh7 62. Kf7 1-0

[Event "Olympiad Women 2024"]
[Site "Budapest HUN"]
[Date "2024.09.14"]
[Round "4.56"]
[Board "3"]
[White "Benzon, Tiffany"]
[Black "La Fleur, Zara"]
[Result "0-1"]
[WhiteElo "1610"]
[BlackElo "1773"]
[PlyCount "122"]
[EventDate "2024.09.11"]
[WhiteTeam "Guam"]
[BlackTeam "Trinidad & Tobago"]
[WhiteTeamCountry "GMA"]

1. e4 e5 2. Nf3 Nc6 3. Bc4 Bc5 4. Nc3 Nf6 5. d3 h6 6. O-O d6 7. Be3 Bxe3 8. fxe3 O-O 9. h3 Na5 10. Bb3 Nxb3 11. axb3 c6 ({RR} 11... Be6 12. Qe1 Qe7 13. Nh4 c6 14. Nf5 Bxf5 15. Rxf5 {½-½ Saydaliev,S (2445)-Lazavik,D (2567) Aeroflot Open A 2024 (6.11)}) 12. d4 Qe7 13. d5 Nh7 $146 ({RR} 13... c5 14. Nd2 Bd7 15. Ne2 Nh5 16. Qe1 Qg5 17. Rf3 b5 18. Ng3 Bxh3 19. gxh3 f5 20. exf5 Nf6 21. e4 h5 22. Qe3 Qh4 23. Kg2 Nh7 24. Ne2 Qf6 25. Rg3 a5 26. Nf3 a4 27. bxa4 Rxa4 28. Rxa4 {0-1 Muzalewski,S (1423)-Milecki,R (1539) Wloclawek CC Classic 15th 2016 (2)}) 14. Qe1 f5 15. exf5 Rxf5 16. e4 Rf4 17. Qg3 Bd7 18. Nh2 Rxf1+ 19. Rxf1 Nf6 20. Qg6 Rf8 21. b4 Be8 22. Qf5 Nh7 23. Qg4 Bf7 24. Rf3 Nf6 25. Qh4 Nxd5 26. Qxe7 Nxe7 27. Ng4 Be6 28. Rxf8+ Kxf8 29. Ne3 a6 30. Kf2 Kf7 31. Kf3 b5 32. Ng4 Bxg4+ 33. Kxg4 g6 34. h4 Ke6 35. Kf3 d5 36. Nb1 dxe4+ 37. Kxe4 Nf5 38. Nd2 Nxh4 39. g3 Nf5 40. g4 Nd6+ 41. Kf3 Kd5 42. b3 c5 43. bxc5 Kxc5 44. Ke3 a5 45. Kd3 e4+ 46. Nxe4+ Nxe4 47. Kxe4 a4 48. bxa4 bxa4 49. g5 hxg5 50. Kf3 a3 51. c4 a2 52. Kg4 a1=Q 53. Kg3 Qe5+ 54. Kh3 Qe3+ 55. Kg4 Qf4+ 56. Kh3 Qf3+ 57. Kh2 g4 58. Kg1 Qe2 59. Kh1 g3 60. Kg1 Qf2+ 61. Kh1 Qh2# 0-1